Регионална библиотека "Любен Каравелов" - Русе

Огън (Запис номер 165908)

MARC детайли
000 -Лидер
Контролно поле с фиксирана дължина 01537nam a2200373 c 4500
003 - Код на организацията, давaща контролен номер
Контролно поле BLK
005 - Дата и час на последна редакция
Контролно поле 20250320115055.0
008 - Елементи от данни с фиксирана дължина
fixed length control field 180410b bul|||||r ||||||| ||bul||
010 ## - Наследен системен номер
LC control number KNG00173556000
020 ## - Международен стандартен номер на книга ISBN
Международен стандартен номер на книга ISBN 978-954-409-349-5
-- издат.: Плеяда
040 ## - Източник на каталожния запис
Идентификатор на билиотеката - собственик на записа BLK
041 ## - Код за език
Код за езика на текст/звукозапис или на отделно заглавие Български
Код за езика КДБФ Български
072 #7 - Код за тематичната категория
Код организация bullib
Код за тематична категория Н83
Текст Чужда художествена литература Н
080 ## - УДК
Текстов определител УДК Американска литература (на САЩ)
УДК код - определител по УДК 821.111(73)
УДК определител -312.4
УДК - код + определител 821.111(73)-312.4
100 ## - Редна дума - Автор
Автор Кинг, Стивън
R(LIN) 371799
139 ## - Редно поле
Редна дума Кинг, Стивън
Авторски знак Кин - К 54
245 10 - Сведения за заглавието
Заглавие Огън
Подзаглавни данни Роман
Редно поле (дума) Стивън Кинг; прев. от англ. Адриан Николаев Лазаровски; * Ричард Бакман.
257 ## - Страна на издаване
Страна на създаване/издаване Съединени американски щати
260 ## - Област на издателските данни
-- София
Име на издателя, разпространителя и проч. Плеяда
Година на издаване 2015
Печатница София : Симолини 94
300 ## - Физическа характеристика
Страници 328 с.
Размери/Мащаб 20 см
380 ## - Жанр
Жанр Худож. лит.
500 ## - Общи забележки
Забележка 1. изд. 2008. - Ориг. загл. Blaze / Stephen King.
653 ## - Ключова дума – ненормативна
Ключова дума трилъри
653 ## - Ключова дума – ненормативна
Ключова дума романи
659 ## - Тематичен бюлетин
Тематичен бюлетин Н
700 ## - Други автори (авторска отговорност)
Лично име Лазаровски, Адриан Николаев
Дати, свързани с автора 1976-2015
Друга информация Преводач от руски и английски език
9 (RLIN) 368465
700 1# - Други автори (авторска отговорност)
Лично име Бакман, Ричард
Автороска отговорност (Описва отношението между автора и произведението) *
Друга информация Кинг, Стивън
9 (RLIN) 372316
852 ## - Местоположение
Форматна сигнатура Цб 273496
856 4# - Електронен адрес и достъп
Електронен формат pdf - файл
Път до файла /url/
856 4# - Електронен адрес и достъп
Електронен формат pdf - файл
Път до файла /url/
942 ## - АРТИКУЛИ
Вид на библиотечния материал Книги
Скрит в OPAC Не
Koha issues (borrowed), all copies 20
944 ## - СЪЗДАВАНЕ И РЕДАКЦИЯ на ЗАПИСА
Създаване/Редакция Създаване
Дата на регистрацията/редакция 30.03.2015
Статус, дата на статуса Диана Гривева
Служител, извършил регистрацията/редакцията 30529
944 ## - СЪЗДАВАНЕ И РЕДАКЦИЯ на ЗАПИСА
Създаване/Редакция Редакция
Дата на регистрацията/редакция 14.11.2016
Статус, дата на статуса ф /
Служител, извършил регистрацията/редакцията Пенка_Димитрова
999 ## - СИСТЕМНИ КОНТРОЛНИ НОМЕРА
Koha biblionumber 165908
Koha biblioitemnumber 165908
Наличности
Код за отписване Код за изгубен артикул Код за повреда Коз за рестрикции Код за отдаване Артикулен № Име на библиотеката - собственик Име на библиотеката, в която се намира в момента Статус (Текущо местоположение) Дата на вписване в системата Местоположение - отдел Цена в лева Инвентарен номер Систематично азбучна сигнатура Баркод Номер на екземпляра Цена в евро Служебна бележка Служебен тип на артикула Източник на класификационната схема
Изтеглен Не е изгубен Не е повреден без рестрикции заемане за дома 279743 Регионална библиотека "Любен Каравелов" Русе Регионална библиотека "Любен Каравелов" Русе Заемна - подръчен фонд 2015-03-31 Заемна - подръчен фонд 12.48 120000786802 П 820(73)-31/К 54 120000786802 1 6.38 Дост: Pk Вид: Ф N: 480 Дата: 20.03.2015 Дата инв: 02.03.2018 Бележки инв: П2018 Книги  
  Не е изгубен Не е повреден без рестрикции заемане за дома 279744 Регионална библиотека "Любен Каравелов" Русе Регионална библиотека "Любен Каравелов" Русе Заемна - подръчен фонд 2015-12-12 Заемна - подръчен фонд 11.20 120000795626 П 820(73)-31/К 54 120000795626 2 5.73 Дост: Pk Вид: Ф N: 3882 Дата: 09.12.2015 Дата инв: 17.02.2018 Бележки инв: П2018 Книги Universal Decimal Classification
  Не е изгубен Не е повреден без рестрикции ползва се в читалня 279745 Регионална библиотека "Любен Каравелов" Русе Регионална библиотека "Любен Каравелов" Русе Хранилище 2016-11-14 Хранилище 16.00 120000805600 Цб 273496 120000805600 3 8.18 Дост: Dp Вид: Д N: 41 Дата: 16.09.2016 Книги  
Vip Innovations Ltd, Rousse, Bulgaria 2025